000 00817 a2200205 4500
003 NUST
005 20221116122443.0
010 _a 75004524
020 _a0871501929
040 _cNust
082 0 0 _a512.9,SWO
100 1 _aSwokowski, Earl William,
_950827
245 1 0 _aFundamentals of college algebra /
_cEarl W. Swokowski.
250 _a3rd ed.
260 _aBoston :
_bPrindle, Weber & Schmidt,
_c[1975]
300 _aix, 388 p. :
_bill. ;
_c24 cm.
505 _aFundamental concepts of Algebra (Page-1), Equations and Inequalities (Page-55), Functions and Graphs(Page-91), Exponential and Logarithmic Functions (Page-156), System of Equations and Inequalities (Page-196), Complex Number (Page-265), Polynomials (Page-286), Sequences(Page-313).
650 0 _aAlgebra.
_98509
942 _2ddc
_cBK
_k512.9,SWO
999 _c182294
_d182294